Statistics for Daily Country Riddle #66

Click here to take the quiz!

General Stats

  • This quiz has been taken 100 times
  • The average score is 9 of 11

Answer Stats

TypeAnswer% Correct
Found LetterA
100%
Found LetterI
99%
Found LetterN
96%
Correctly Placed LetterA
92%
Found LetterH
82%
Correctly Placed LetterI
82%
Correctly Placed LetterC
77%
Found LetterC
77%
Mystery CountryChina
77%
Correctly Placed LetterH
77%
Correctly Placed LetterN
77%

Score Distribution

Percentile by Number Answered

Percent of People with Each Score

Your Score History

You have not taken this quiz